| 000 | 00578nam a22002057a 4500 | ||
|---|---|---|---|
| 999 |
_c335 _d335 |
||
| 003 | OSt | ||
| 005 | 20191003103837.0 | ||
| 008 | 140811b xxu||||| |||| 00| 0 eng d | ||
| 020 | _a0443064938 | ||
| 040 | _cDLC | ||
| 082 | _aWO 178 G16p 2003 | ||
| 100 |
_aEdited by O. James, Garden; Andrew, W. Badbury; John, Forsythe _912970 |
||
| 245 | _aPrinciples and Practice of Surgery | ||
| 250 | _a4th ed. | ||
| 260 |
_aLondon: _bChurchill Livingstone _c2003 |
||
| 300 |
_axii, 633 p.: _bcol.ill; _c26 cm. |
||
| 504 | _aIncludes index | ||
| 650 |
_aSurgery _9323 |
||
| 942 |
_2z _cB_BANK |
||